000 00290nam a22001337a 4500
008 170419b xxu||||| |||| 00| 0 eng d
020 _a0153607602
041 _aeng
080 _23RD
_a573
100 _a11
101 _aSHM
245 _aBIOLOGICAL SCIENCE
_cMOORE, J.A
942 _2udc
_cBK
999 _c11147
_d11147